00430 2200181 4500245004000000020002200040250001100062100001900073700002000092700001700112650001200129005001900141260003200160041001400192084001000206300002300216336000900239 aTa'aruf CintacNurul ChomariahText a978-602-7929-38-8 aCet. 1 aNurul Chomaria aErlina Z. Zachi aAlivia Putri aTa'aruf a20230331103515 aSurakartabAhad Booksc2014 aIndonesia a297.5 a208 hlm. :c23 cm. atext